00503nam a2200145Ia 4500008004100000100002500041245012900066245002500195260005900220260000900279300001000288650001800298650001500316856002600331170221s9999 xx 000 0 und d aAhmad Muhammad Auwal 4aThe Complexities of New Media: Can the ‘Web Media’ Completely Erase Traditional Media from the Communication Industry?  cAhmad Muhammad Auwal bOnline Journal of Communication and Media Technologies c2016 a6 : 3 xCommunication xMedia Arts uhttp://www.ojcmt.net/